| 000 | 00436nam a2200169Ia 4500 | ||
|---|---|---|---|
| 008 | 151213s9999 xx 000 0 und d | ||
| 020 | _a81-8710739-1 | ||
| 100 | _aEd. By Bina Abling | ||
| 245 |
_aDictionary Of Fashion _cEd. By Bina Abling |
||
| 250 | _a3rd | ||
| 260 |
_aNew Delhi _bFair Child Publications _c2003 |
||
| 300 | _a8182 p. | ||
| 650 | _aRef.Book | ||
| 650 | _aReference | ||
| 700 | _aEd. By Bina Abling | ||
| 999 |
_c4109 _d4109 |
||